01005nam a22002417a 450000100040000000500170000402000180002104000230003905000250006208200140008710000220010124500710012325000450019426000350023930000400027450500070031452003220032152100200064352100200066365000250068365000190070870000360072768620260227090125.0 a9780545071826 aDLCcDLCdDLCbeng00aPZ7.N47988bHac 200400a[Fic]2221 aNewman, Lesléa.10aHachiko waits /cLesléa Newman ; illustrated by Machiyo Kodaira. aFirst Scholastic printing, February 2008 aNew York :bScholastic,c2004. a96 pages :billustrations :c23 cm. aR  aProfessor Ueno's loyal Akita, Hachiko, waits for him at the train station every afternoon, and even after the professor has a fatal heart attack while at work, Hachiko faithfully continues to await his return until the day the dog dies. Based on a true story; includes an author's note and glossary of Japanese words. a770 bLexile  aR bRaz-Plus  1aAkita dogsvFiction. 1aDogsvFiction.1 aKodaira, Machiyo,eillustrator.